000 00749nam a22001935i 4500
001 154544
005 20230706145956.0
008 940202s1866 sp |||| | spa d
100 1 _aGonzález Andrés, Raimundo.
_9127397
245 1 0 _aBreve exposición histórica de la literatura griega /
_cpor Raimundo González Andrés.
250 _a2ª ed.
260 _aMadrid :
_bImp. y Librería de Eusebio Aguado,
_c1866.
300 _a216 p. ;
_c20 cm.
530 _aDisponible en formato digital.
650 0 0 _aLiteratura griega-
_xHistoria y crítica.
_914599
852 _aBA
_jD-1014
852 _aBA
_jG-15820
_z- Enc. pasta española
856 _uhttp://www.bibliotecavirtualdeandalucia.es/catalogo/es/consulta/registro.do?id=1039286
_z
999 _c154544
_d154544